000 00650nam a2200229Ia 4500
005 20230424101820.0
008 140110s9999 xx 000 0 und d
020 _a9788189886707
_cRs.550
040 _aLoreto College
041 _aEnglish
082 _a338.954
_bSIN
100 _aSingh,Ravishankar Kumar
245 _aWTO and India
_bChallenges and Opportunities
_cRavishankar Kumar Singh, R.Shashi Kumar
260 _aDelhi
_bAbhijeet Publications
_c2008
300 _a188p.
504 _aIncludes bibliographical references
650 _aWTO
651 _aIndian Economy
700 _aKumar, R.Shashi
850 _aLCLIB
942 _cBK
999 _c36636
_d87115